00239nam a22000977a 4500082001500000100003100015245002700046260004800073300001000121650001000131 a297.63 QAD a Dr Allama Tahir ul Qadri. aHusn-e-Sarapaye Rasool aLAHOREb Minhaj-ul-Quran Publicationsc2002 a2008p aislam